Cooking with the Sun /

Texto que presenta cómo preparar alimentos con energía solar, incluye planos y procedimientos para construir hornos solares, junto con cerca de 90 recetas. La obra se publicó antes con el título de The Solar Cookery Book.

Guardat en:
Dades bibliogràfiques
Autor principal: Halacy, Beth (autor)
Altres autors: Halacy, Dan (autor) (autor)
Format: Llibre
Idioma:anglès
Publicat: Lafayette, EUA : Morning Sun, 1992, c1992
Edició:2a edición
Matèries:
Etiquetes: Afegir etiqueta
Sense etiquetes, Sigues el primer a etiquetar aquest registre!

MARC

LEADER 00000nam^a2200000^a^4500
001 000113107
005 20250521000000.0
009 20260310093930.652
020 |a 0-9629069-2-1 
037 |a Acervo ITESO - Biblioteca 
041 |a ING 
082 |a 641. 58  |b HAL 
100 |a Halacy, Beth  |e (autor) 
245 1 0 |a Cooking with the Sun /  |c B. Halacy, D. Halacy. 
250 |a 2a edición 
264 4 |a Lafayette, EUA :  |b Morning Sun,  |c 1992, c1992 
300 |a 114 p. 
336 |a texto  |b txt  |2 rdacontenido 
337 |a sin mediación  |b n  |2 rdamedio 
338 |a volumen  |b nc  |2 rdasoporte 
520 |a Texto que presenta cómo preparar alimentos con energía solar, incluye planos y procedimientos para construir hornos solares, junto con cerca de 90 recetas. La obra se publicó antes con el título de The Solar Cookery Book. 
649 |a XX 
650 |a Hornos Solares 
650 |a Energía Solar -  |x Equipo y Aparatos 
650 |a Cocina -  |x Recetarios 
650 |a Cocina 
700 |a Halacy, Dan  |e (autor) 
910 |a Fondo General 
920 |a Impresos - Libros 
930 |a Colección General 
905 |a 101 
901 |a 0500049678  |b IT1  |c ACC  |u 20250521 
902 |a https://opac.biblio.iteso.mx/vufind/Record/000113107